Tilastot visalle Autonmerkit maittain: Saksa

Klikkaa tästä pelataksesi tätä visaa!

Yleistilastot

  • Tätä visaa on pelattu 59 kertaa
  • Keskiarvotulos 6 / 8

Vastaustilastot

Vastaus% Oikein
Audi
100%
BMW
92%
Mercedes-Benz
92%
Volkswagen
92%
Opel
87%
Porsche
81%
Maybach
31%
Smart
31%

Tulosjakauma

Persentiili vastausten määrän mukaan

Jokaisen tuloksen saaneiden osuus

Tuloshistoriasi

Et ole pelannut tätä visaa